|
|
|
|
| LEADER |
00000nam a2200000 a 4500 |
| 005 |
20111223120732.0 |
| 007 |
cr|||| |||| |
| 008 |
010713s2001 sp |||||| 000 ||spa|c |
| 020 |
|
|
|a 8484106934
|
| 035 |
|
|
|a 2600
|
| 040 |
|
|
|d vLex
|
| 090 |
|
|
|c 2868
|d 2868
|
| 100 |
1 |
|
|a Fernǹdez Palma, Rosa
|
| 245 |
1 |
3 |
|a El Delito de injuria
|h [Recurso electrn̤ico] /
|c Rosa Fernǹdez Palma
|
| 256 |
|
|
|a Servicio en ln̕ea
|
| 260 |
|
|
|a [Elcano, Navarra] :
|b Aranzadi Editorial,
|c cop. 2001
|
| 300 |
|
|
|a 1 recurso electrn̤ico
|
| 504 |
|
|
|a Bibliografa̕
|
| 506 |
1 |
|
|a Contenido solo disponible en los productos indicados
|d vLex Global
|d vLex Global (Academic Edition, excluding Law Schools)
|d vLex Global (U.S. Academic Edition, Law Schools)
|d vLex Global (U.S. Academic Edition, excluding Law Schools)
|d vLex Global (Academic Edition, Law Schools)
|
| 610 |
1 |
4 |
|a Espaą.
|t Cd̤igo penal (1995)
|
| 650 |
0 |
4 |
|a Difamacin̤
|z Espaą
|x Aspectos legales
|
| 650 |
0 |
4 |
|a Honor
|x Derecho
|z Espaą
|
| 650 |
0 |
4 |
|a Difamacin̤
|z Espaą
|
| 740 |
0 |
|
|a vLex Libros (Servicio en ln̕ea)
|
| 830 |
|
0 |
|a Revista de derecho y proceso penal.
|p Monografa̕ ;
|v 4
|
| 856 |
4 |
0 |
|u http://vlex.com/source/delito-injuria-2600
|z Acceso restringido
|
| 942 |
|
|
|c BOOK
|
| 999 |
0 |
|
|a Libel and slander
|
| 999 |
0 |
|
|a Criminal law
|